Statistics for "No" Clichés Quiz

Click here to take the quiz!

General Stats

  • This quiz has been taken 43,828 times
  • The average score is 16 of 24

Answer Stats

Cliché % Correct
No pain, no {gain}
99%
Point of no {return}
88%
No {way}, José
87%
All work and no {play} makes Jack a dull boy
87%
All bark, no {bite}
85%
No {strings} attached
84%
Look ma, no {hands}
81%
Close, but no {cigar}
76%
No {rest} for the wicked
75%
Hell hath no {fury} like a woman scorned
71%
No shirt, no shoes, no {service}
68%
No {skin} off my nose
65%
No harm, no {foul}
65%
No {good} {deed} goes unpunished
63%
A rolling stone gathers no {moss}
63%
No {guts}, no glory
62%
No {holds} barred
61%
Dead men tell no {tales}
61%
The emperor has no {clothes}
61%
No {honor} among thieves
56%
No {win} situation
54%
No {worse} for wear
47%
No {soup} for you
45%
There's no {crying} in baseball
41%

Score Distribution

Percentile by Number Answered

Percent of People with Each Score

Your Score History

You have not taken this quiz